000 00289nam a2200109Ia 4500
008 190216s9999||||xx |||||||||||||| ||und||
100 _aKutty Krishna Menon
245 0 _aAppanthamburande Sahithya Shiilpam
260 _bMangalodhayam Publications
650 _aEssay Malayalam
942 _cBK
999 _c24675
_d24675